Dīwān al-Hudhalīyīn. (Record no. 48850)
[ view plain ]
| 000 -LEADER | |
|---|---|
| fixed length control field | 00971cam a22002651 4500 |
| 001 - CONTROL NUMBER | |
| control field | ne 66000824 |
| 003 - CONTROL NUMBER IDENTIFIER | |
| control field | DLC |
| 005 - DATE AND TIME OF LATEST TRANSACTION | |
| control field | 20260227111822.0 |
| 008 - FIXED-LENGTH DATA ELEMENTS--GENERAL INFORMATION | |
| fixed length control field | 891024s1965 ua 000 0 ara |
| 010 ## - LIBRARY OF CONGRESS CONTROL NUMBER | |
| LC control number | ne 66000824 |
| 025 ## - OVERSEAS ACQUISITION NUMBER | |
| Overseas acquisition number | PL480:UAR-6925 |
| 035 ## - SYSTEM CONTROL NUMBER | |
| System control number | (OCoLC)20541083 |
| 040 ## - CATALOGING SOURCE | |
| Original cataloging agency | DLC |
| Transcribing agency | WaU |
| Modifying agency | WaU |
| -- | DLC |
| 042 ## - AUTHENTICATION CODE | |
| Authentication code | premarc |
| 050 00 - LIBRARY OF CONGRESS CALL NUMBER | |
| Classification number | PJ7645.H8 |
| Item number | D52 |
| 245 00 - TITLE STATEMENT | |
| Title | Dīwān al-Hudhalīyīn. |
| 260 ## - PUBLICATION, DISTRIBUTION, ETC. | |
| Place of publication, distribution, etc. | al-Qāhirah, |
| Name of publisher, distributor, etc. | al-Dār al-Qawmīyah lil-Ṭibāʻah wa-al-Nashr, |
| Date of publication, distribution, etc. | 1965. |
| 300 ## - PHYSICAL DESCRIPTION | |
| Extent | 7, 242, 268, 137 p. |
| Dimensions | 27 cm. |
| 490 0# - SERIES STATEMENT | |
| Series statement | Maktabah al-ʻArabīyah, |
| Volume/sequential designation | 29. |
| Series statement | Taḥqīq al-turāth al-ʻArabī, |
| Volume/sequential designation | 12. |
| Series statement | al-Adab, |
| Volume/sequential designation | 19 |
| 500 ## - GENERAL NOTE | |
| General note | At head of title: al-Jumhūrīyah al-ʻArabīyah al-Muttaḥidah. al-Thaqāfah wa-al-Irshād al-Qawmī. |
| 500 ## - GENERAL NOTE | |
| General note | "Nuskhah muṣawwarah ʻan ṭabʻat Dār al-Kutub fī al-sanawāt 64-67-1369 h--45-48-1950 m." |
| 650 #0 - SUBJECT ADDED ENTRY--TOPICAL TERM | |
| Topical term or geographic name entry element | Arabic poetry. |
| 650 #0 - SUBJECT ADDED ENTRY--TOPICAL TERM | |
| Topical term or geographic name entry element | Hudhayl (Arab tribe) |
| 740 0# - ADDED ENTRY--UNCONTROLLED RELATED/ANALYTICAL TITLE | |
| Uncontrolled related/analytical title | Hudhalīyīn, Dīwān. |
No items available.